BEAUTY in traditional use of timber

Bibliographic Details
Corporate Author: Lembaga Perindustrian Kayu Malaysia
Format: Book
Published: Kuala Lumpur : Lembaga Perindustrian Kayu Malaysia , 1990
Subjects:

MARC

LEADER 00000cam a2200000 7i4500
001 0000001566
005 20010808.0
020 0 0 |a 9839960601 
090 0 0 |a 736.409595   |b BEA 1990 
245 0 0 |a BEAUTY in traditional use of timber 
260 0 0 |a Kuala Lumpur :   |b Lembaga Perindustrian Kayu Malaysia ,   |c 1990 
300 |a xiii, 71 p. :   |b col. ill., maps ;   |c 30 cm. 
500 0 0 |a Bibliography : p. 73 
650 0 0 |a Art   |z Malaysia 
650 0 0 |a Wood-carving   |z Malaysia   |x Themes, motives 
710 1 1 |a Lembaga Perindustrian Kayu Malaysia 
998 |a JPSM 
999 |a 0000002937   |b Monograph   |c Open Shelf   |e Default branch